Normal view
MARC view
Entry Personal Name
001 - CONTROL NUMBER
- control field: 258263
003 - CONTROL NUMBER IDENTIFIER
- control field: OSt
005 - DATE AND TIME OF LATEST TRANSACTION
- control field: 20260309102522.0
008 - FIXED-LENGTH DATA ELEMENTS
- fixed length control field: 260309|| aca||aabn | a|a d
040 ## - CATALOGING SOURCE
- Original cataloging agency: OSt
- Transcribing agency: OSt
100 ## - HEADING--PERSONAL NAME
- Personal name: Peter G Northhouse
670 ## - SOURCE DATA FOUND
- Source citation: Work cat.: (OSt)241011: Peter G Northhouse, Leadership, 2022